Tous les films et series marvel par ordre alphabétique - Statistiques

Statistiques générales
  • Ce quiz a été pris 142 fois
  • Le résultat moyen est 51 sur 110
Statistiques - réponses
Hint Réponse % Correct
film 2011 captain america first avenger
93%
film 2008 iron man
88%
film 2010 iron man 2
88%
film 2013 iron man 3
88%
film 2011 Thor
85%
film 2016 captain america civil war
81%
film 2019 Avengers endgame
79%
film 2012 Avengers
79%
film 2018 Avengers infinity war
78%
film 2021 Black widow
78%
série 2021 Wandavision
76%
film 2015 Avengers l'ère d'Ultron
75%
film 2017 Thor ragnarok
75%
film 2015 Ant-man
74%
film 2018 Black panther
74%
film 2008 l'incroyable hulk
74%
série 2021-2023 Loki
74%
film 2002 spider-man
74%
film 2004 spider-man 2
74%
film 2007 spider-man 3
74%
film 2026 spider-man 4
74%
film 2012 the amazing spider-man
74%
série 2012-2017 ultimate spider-man
74%
série 2025 votre fidèle serviteur spider-man
74%
film 2016 Doctor strange
72%
film 2014 les gardiens de la galaxie
72%
film 2018 Ant-man et la guêpe
71%
film 2022 Thor love and thunder
71%
film 2019 captain marvel
68%
série 2021-.... Hawkeye
67%
film 2003 Hulk
66%
film 2000 x-men
64%
film 2003 x-men 2
64%
série 2024-.... x-men 97
64%
film 2024 deadpool et wolverine
62%
film 2014 captain america le soldat de l'hiver
61%
film 2003 | série 2015-2018 Daredevil
61%
film 2013 Thor le monde des ténèbres
61%
film 2023 Ant-man et la guêpe quantumania
60%
film 2022 Black panther wakanda forever
59%
film 2016 deadpool
58%
film 2018 deadpool 2
58%
film 2019 spider-man far from home
58%
film 2021 spider-man no way home
58%
série 2021 Falcon et le soldat de l'hiver
53%
série 2022 Miss marvel
53%
film 2026 Avengers doomsday
52%
film 2004 The punisher
51%
série 2021-..... What if
51%
film 2021 les éternels
49%
film 2009 x-men origins wolverine
49%
film 2025 captain america brave new world
48%
film 2017 les gardiens de la galaxie vol2
47%
film 2023 les gardiens de la galaxie vol3
47%
film 2017 spider-man homecoming
46%
film 2022 Doctor strange in the multiverse of madness
45%
série 2022-.... Moon knight
44%
film 2023 the marvels
44%
série 2015-2019 Jessica Jones
42%
série 2013-2020 les agents du shield
42%
film 2025 Thunderbolts
40%
film 2027 Avengers secret wars
39%
film 2017 logan
39%
série 2016-2018 Luke cage
39%
série 2024 Agatha all along
38%
film 1998 Blade
38%
film 2002 Blade 2
38%
série 2017-2018 iron fist
38%
série 2017-2019 punisher
35%
film 2019 x-men dark Phoenix
35%
série 2015-2016 Agent carter
34%
série 2025 Daredevil born again
33%
série 2022-2023 Je s'appelle Groot
33%
film 2018 venom
33%
film 2016 x-men apocalypse
33%
série 2024-..... Echo
31%
film 2014 x-men days of future past
29%
film 2021 Shang-chi et la légende des dix anneaux
28%
film 2006 x-men l'affrontement final
28%
film 2011 x-men le commencement
28%
film 2005 | film 2015 les quatre fantastiques
27%
série 2023 Secret invasion
27%
série 2017 the Defenders
27%
série 2025 iron heart
26%
film 2022 morbius
25%
film 2005 Elektra
24%
film 2013 Wolverine le combat de l'immortel
24%
film 2007 Ghost rider
22%
film 2024 madame web
22%
métrage 2022 les gardiens de la galaxie joyeuses fêtes
21%
film 2020 les nouveaux mutants
20%
film 2024 venom the last dance
20%
film 2021 venom let there be carnage
19%
métrage 2022 Werewolf by night
16%
film 2014 the amazing spider-man le destin d'un heros
15%
film 2004 Blade Trinity
14%
film 2024 kraven the hunter
14%
film 2023 spider-man across the spider-verse
14%
film 2007 les quatre fantastiques et le surfeur d'argent
13%
série 2022 She-Hulk avocate
11%
film 2018 spider-man new generation
11%
film 2025 les quatre fantastiques premiers pas
8%
film 2026 spider-man beyond the spider-verse
8%
série 2017-2018 the gifted
8%
série 2017-2019 Legion
6%
film 2011 Ghost rider l'esprit de vengeance
5%
série 2021-2023 les légendes
0%
série 1999 spider-man unimited
0%
Aucun quiz correspondant
Distribution des résultats
% des personnes avec chaque résultat
Percentile par nombre de réponses
Votre historique - résultats
Vous n’avez pas pris ce quiz